01083nam a2200253 a 450000100100000000500170001000800410002704000250006808200160009310000350010924500670014426000360021130000280024750002550027550000640053050400560059450400330065065000310068365000340071465000270074865000270077565000160080265000110081800002248420200930021633.0101012s1986 dr a 001 0 spa d aDO-SdBNPbspacBNPHU a241.3bO77c1 aOrtiz, Víctor Raúl,d1959-10aConcepto del pecado en los jóvenes /cVíctor Raúl Ortiz. aSanto Domingo :bTaller,c1986. a271 p. :bil. ;c23 cm. aDisertación presentada con el título "La noción del pecado en la formación de nuestros jóvenes", para el grado de Maestro en Artes en Teología Moral del Seminaio Regional San Vicente de Paul, Escuela de Teología, Boynton Beach, Florida. aIncluye datos biográficos del autor en la contracubierta. aIncluye bibliografía y notas al pie de páginas. aBibliografía : p. 251-264. 4aJuventudxConducta de vida 4aÉtica sexual para jóvenes 4aDirección espiritual 4aFormación espiritual 4aTentación 4aPecado